[Event "BL 2425 SC Heimbach-Weis-Neuwied - SV MÃ"]
[Site "?"]
[Date "2025.03.23"]
[Round "12.5"]
[White "Buckels, Valentin"]
[Black "Ferreira, Jorge Viterbo"]
[Result "0-1"]
[WhiteElo "2447"]
[BlackElo "2537"]
[PlyCount "122"]
[EventDate "2025.??.??"]

1. d4 Nf6 2. c4 e6 3. Nc3 Bb4 4. e3 O-O 5. Bd2 Re8 6. Nf3 d6 7. Qc2 e5 8. a3 Bxc3 9. Bxc3 e4 10. Nd2 c6 11. b4 d5 12. h3 Nbd7 13. c5 Nf8 14. a4 a6 15. Be2 h6 16. Nb3 Ng6 17. O-O-O Nh4 18. g3 Nf3 19. Nd2 Nxd2 20. Kxd2 Nh7 21. Rdg1 Qf6 22. Ke1 g6 23. h4 h5 24. Qd1 Kf8 25. g4 hxg4 26. Bxg4 Bxg4 27. Qxg4 Ke7 28. Ke2 Rh8 29. Qg3 Kf8 30. h5 g5 31. Rf1 Qe6 32. f4 exf3+ 33. Rxf3 f6 34. Rhf1 Ke7 35. Be1 Kd7 36. Rf5 Rhe8 37. R1f3 Re7 38. Qg4 Ke8 39. h6 Qe4 40. Qh5+ Kd7 41. Kf1 Rae8 42. Bf2 Kc8 43. Rxf6 g4 44. Qf5+ Qxf5 45. R3xf5 Nxf6 46. Rxf6 Re6 47. Rf4 Rxh6 48. Rxg4 Rh1+ 49. Ke2 Rb1 50. Be1 Rh8 51. Rg2 Rb2+ 52. Bd2 Rh1 53. a5 Kd7 54. Kd3 Rd1 55. Kc3 Ra2 56. Rh2 Ke6 57. Rf2 Rb1 58. Rh2 Kf5 59. Rf2+ Kg4 60. Rg2+ Kf3 61. Rh2 Rbb2 0-1

[Event "BL 2425 SC Heimbach-Weis-Neuwied - SV MÃ"]
[Site "?"]
[Date "2025.03.23"]
[Round "12.6"]
[White "Neugebauer, Martin"]
[Black "Zelbel, Patrick"]
[Result "1/2-1/2"]
[WhiteElo "2506"]
[BlackElo "2482"]
[PlyCount "51"]
[EventDate "2025.??.??"]

1. e4 c5 2. Nf3 d6 3. d4 cxd4 4. Nxd4 Nf6 5. Nc3 a6 6. Be3 Ng4 7. Bc1 Nf6 8. h3 e6 9. g4 h6 10. Bg2 Be7 11. O-O O-O 12. Be3 Nc6 13. f4 Nd7 14. Nce2 Na5 15. b3 b5 16. Ng3 Bb7 17. Qd2 Nc6 18. Nxc6 Bxc6 19. f5 Rc8 20. Rad1 Nf6 21. Kh2 e5 22. Bf3 Bb7 23. Rf2 Ne8 24. Be2 Bh4 25. Bf3 Nf6 26. Qb4 1/2-1/2

[Event "BL 2425 SC Heimbach-Weis-Neuwied - SV MÃ"]
[Site "?"]
[Date "2025.03.23"]
[Round "12.7"]
[White "Feygin, Michael"]
[Black "Winterberg, Lukas"]
[Result "1/2-1/2"]
[WhiteElo "2452"]
[BlackElo "2423"]
[PlyCount "111"]
[EventDate "2025.??.??"]

1. e4 d6 2. d4 Nf6 3. Nc3 e5 4. Nf3 Nbd7 5. Rg1 c6 6. g4 h6 7. h4 exd4 8. Nxd4 Ne5 9. Be2 Nfd7 10. h5 Nc5 11. Be3 g5 12. hxg6 fxg6 13. f4 Nf7 14. Qd2 Qe7 15. O-O-O Bd7 16. Ndb5 Na6 17. Nd4 Nc7 18. Bf3 O-O-O 19. Nb3 b6 20. a4 g5 21. a5 gxf4 22. Bxf4 Ne5 23. Be2 b5 24. Nd4 Bg7 25. Kb1 a6 26. Nf5 Bxf5 27. gxf5 Bf6 28. Qe3 c5 29. Bxh6 Nc6 30. Bg5 Bxg5 31. Qxg5 Qe5 32. f6 Qxg5 33. Rxg5 Rhf8 34. Bg4+ Kb8 35. Rg7 Ne8 36. Rd7 Nxf6 37. Rxd8+ Rxd8 38. Bf5 b4 39. Na4 Kc7 40. c3 b3 41. Rg1 Rg8 42. Rxg8 Nxg8 43. Be6 Nf6 44. Bxb3 Nxe4 45. Bd5 Nf6 46. Bxc6 Kxc6 47. c4 d5 48. cxd5+ Nxd5 49. Kc2 Kb5 50. Nc3+ Nxc3 51. Kxc3 Kxa5 52. Kc4 Kb6 53. b4 cxb4 54. Kxb4 a5+ 55. Ka4 Ka7 56. Kxa5 1/2-1/2

[Event "BL 2425 SC Heimbach-Weis-Neuwied - SV MÃ"]
[Site "?"]
[Date "2025.03.23"]
[Round "12.8"]
[White "Tica, Sven"]
[Black "Hausrath, Daniel"]
[Result "0-1"]
[WhiteElo "2436"]
[BlackElo "2450"]
[PlyCount "182"]
[EventDate "2025.??.??"]

1. d4 Nf6 2. c4 g6 3. g3 Bg7 4. Bg2 O-O 5. Nc3 d6 6. Nf3 c6 7. O-O Qa5 8. Bd2 Qa6 9. b3 Bf5 10. Nh4 Bc8 11. Nf3 Bf5 12. Nh4 Bc8 13. h3 d5 14. cxd5 cxd5 15. a4 Nc6 16. e3 Bd7 17. Re1 Qb6 18. g4 e6 19. a5 Qd8 20. a6 bxa6 21. g5 Ne4 22. Nxe4 dxe4 23. Bxe4 Qxg5+ 24. Ng2 Qb5 25. Qe2 Qxe2 26. Rxe2 Rab8 27. Ree1 Rxb3 28. Rxa6 Rb6 29. Ra2 Rfb8 30. Bc3 a6 31. Nf4 Ne7 32. Nd3 Bc6 33. Bxc6 Rxc6 34. Bb4 Nd5 35. Bc5 Rb3 36. Rd2 f5 37. Rc1 g5 38. Rc4 h5 39. Kg2 g4 40. hxg4 hxg4 41. Nb4 Rxc5 42. dxc5 Rxb4 43. Rxb4 Nxb4 44. Rd6 Bf8 45. Rxe6 Kf7 46. Re5 Kf6 47. c6 Nxc6 48. Re8 Bd6 49. Ra8 Nb4 50. f3 gxf3+ 51. Kxf3 Ke5 52. Ra7 Bc5 53. Ra8 Nd5 54. Rxa6 Bxe3 55. Ra8 Bc5 56. Ra5 Bd6 57. Ra1 Ne7 58. Re1+ Kf6 59. Rd1 Be5 60. Rb1 Ng6 61. Rh1 Bc3 62. Rh2 Ne5+ 63. Kf4 Nf7 64. Rf2 Ng5 65. Rf1 Bd2+ 66. Kg3 Ke5 67. Rb1 Ke4 68. Rb2 f4+ 69. Kg4 Nf3 70. Ra2 Be3 71. Ra4+ Bd4 72. Ra8 Ne5+ 73. Kh3 Kf3 74. Ra3+ Be3 75. Ra8 Nd3 76. Rf8 Nf2+ 77. Kh2 Ke2 78. Kg2 Ne4 79. Rxf4 Bxf4 80. Kh1 Kf3 81. Kg1 Nf2 82. Kf1 Bh2 83. Ke1 Ne4 84. Kd1 Ke3 85. Kc2 Nd2 86. Kc3 Bd6 87. Kb2 Kd3 88. Ka2 Kc2 89. Ka1 Nb3+ 90. Ka2 Nc1+ 91. Ka1 Be5# 0-1

[Event "BL 2425 SG Solingen - USV TU Dresden"]
[Site "?"]
[Date "2025.03.23"]
[Round "12.1"]
[White "Pechac, Jergus"]
[Black "Warmerdam, Max"]
[Result "1-0"]
[WhiteElo "2598"]
[BlackElo "2630"]
[PlyCount "57"]
[EventDate "2025.??.??"]

1. d4 d5 2. c4 e6 3. Nc3 c6 4. e4 dxe4 5. Be3 Nf6 6. Qc2 Bb4 7. Nge2 O-O 8. a3 Ba5 9. O-O-O b5 10. c5 b4 11. axb4 Bxb4 12. Nxe4 Nxe4 13. Qxe4 Qa5 14. Nf4 Nd7 15. Nh5 g6 16. Bd3 Ba6 17. Qxc6 Bxd3 18. Rxd3 Qa1+ 19. Kc2 Qxh1 20. Qxd7 Qxg2 21. Nf6+ Kg7 22. Qe7 Rad8 23. d5 Qf1 24. Nh5+ Kg8 25. Ng3 Qg2 26. Qf6 Rxd5 27. Bh6 Rxc5+ 28. Kb3 Bc3 29. bxc3 1-0

[Event "BL 2425 SG Solingen - USV TU Dresden"]
[Site "?"]
[Date "2025.03.23"]
[Round "12.2"]
[White "Harikrishna, Pentala"]
[Black "Michalik, Peter"]
[Result "1-0"]
[WhiteElo "2704"]
[BlackElo "2564"]
[PlyCount "207"]
[EventDate "2025.??.??"]

1. e4 e5 2. Nf3 Nf6 3. Nxe5 d6 4. Nd3 Nxe4 5. Qe2 Qe7 6. Nf4 Nf6 7. Nc3 Nc6 8. Ncd5 Nxd5 9. Nxd5 Qxe2+ 10. Bxe2 Kd8 11. c3 Ne7 12. Nf4 g6 13. d4 h5 14. O-O Bh6 15. Re1 Bf5 16. Bc4 Rh7 17. Nd5 Nxd5 18. Bxh6 c6 19. Bxd5 cxd5 20. Bg5+ f6 21. Bxf6+ Kd7 22. Re3 Re8 23. Rxe8 Kxe8 24. Re1+ Kd7 25. f3 Rf7 26. Bg5 Be6 27. h3 Rf5 28. Be3 Rf8 29. Kf2 a5 30. Ke2 a4 31. g4 Rc8 32. Rb1 b6 33. Kf2 a3 34. bxa3 Rxc3 35. Rxb6 Rxa3 36. Rb2 Kc6 37. Rc2+ Kd7 38. Re2 Ra4 39. Kg3 Ke7 40. Bg5+ Kf7 41. Rd2 Bc8 42. Bf4 Ke7 43. Kh4 Ra3 44. Re2+ Be6 45. Re3 Ra4 46. Rd3 hxg4 47. hxg4 Bc8 48. Bg5+ Kf7 49. Rc3 Bd7 50. Re3 Be6 51. Rb3 Bc8 52. Rb8 Ba6 53. Rb6 Rxa2 54. Rxd6 Be2 55. Rf6+ Kg7 56. Kg3 Ra6 57. Rf4 Bd1 58. Bd8 Ra7 59. Bf6+ Kf8 60. g5 Rh7 61. Kg2 Bc2 62. Rg4 Bf5 63. Rg3 Kf7 64. Kf2 Rh2+ 65. Ke3 Rh3 66. Rg1 Ke6 67. Kf4 Rh4+ 68. Kg3 Rh3+ 69. Kg2 Rh7 70. Re1+ Kd6 71. Be5+ Ke6 72. Bf6+ Kd6 73. Re8 Kd7 74. Ra8 Rh3 75. Ra5 Ke6 76. Ra6+ Kd7 77. Kf2 Bd3 78. Ra7+ Ke6 79. Kg2 Bf5 80. Rb7 Kd6 81. Be5+ Ke6 82. Rb6+ Ke7 83. Bf6+ Kd7 84. Ra6 Rh5 85. Kg3 Rh3+ 86. Kf4 Bd3 87. Rb6 Be2 88. Rb3 Bd1 89. Rc3 Ke6 90. Be5 Rh4+ 91. Kg3 Rh1 92. Rc6+ Kf7 93. Rf6+ Kg7 94. f4 Bh5 95. Kg2 Rh4 96. Rd6+ Kf7 97. Rxd5 Ke6 98. Rc5 Kf5 99. d5 Ke4 100. d6 Bf3+ 101. Kg3 Rg4+ 102. Kh3 Rg1 103. Rc4+ Kd3 104. d7 1-0

[Event "BL 2425 SG Solingen - USV TU Dresden"]
[Site "?"]
[Date "2025.03.23"]
[Round "12.3"]
[White "Maiwald, Jens-Uwe"]
[Black "L'Ami, Erwin"]
[Result "0-1"]
[WhiteElo "2427"]
[BlackElo "2616"]
[PlyCount "52"]
[EventDate "2025.??.??"]

1. e4 e5 2. Nf3 Nc6 3. Bb5 a6 4. Ba4 Nf6 5. d3 b5 6. Bb3 Bc5 7. c3 d6 8. Bg5 h6 9. Bh4 g5 10. Bg3 Qe7 11. O-O Bb6 12. Re1 Bg4 13. h3 Bh5 14. a4 O-O 15. Nbd2 Rae8 16. Nf1 Qd7 17. Ne3 Ne7 18. Qe2 Kh8 19. axb5 axb5 20. Rad1 Rg8 21. Bc2 Ng6 22. Nf5 Nf4 23. Bxf4 gxf4 24. d4 exd4 25. Qd3 c5 26. cxd4 c4 0-1

[Event "BL 2425 SG Solingen - USV TU Dresden"]
[Site "?"]
[Date "2025.03.23"]
[Round "12.4"]
[White "Ragger, Markus"]
[Black "Neef, Maximilian"]
[Result "1/2-1/2"]
[WhiteElo "2581"]
[BlackElo "2468"]
[PlyCount "163"]
[EventDate "2025.??.??"]

1. e4 e6 2. d4 d5 3. Nc3 dxe4 4. Nxe4 Bd7 5. Nf3 Bc6 6. Bd3 Nd7 7. O-O Ngf6 8. Nc3 Bd6 9. Re1 Bxf3 10. Qxf3 c6 11. Bd2 O-O 12. Rad1 Qc7 13. h3 Rfe8 14. Ne4 Nxe4 15. Rxe4 Nf8 16. h4 Rad8 17. h5 h6 18. Rde1 Qd7 19. R4e2 Bc7 20. c3 Qd5 21. Qxd5 Rxd5 22. g4 Red8 23. Bc4 R5d7 24. Kg2 Bb6 25. Bc1 Nh7 26. f4 c5 27. dxc5 Bxc5 28. g5 hxg5 29. fxg5 Nf8 30. g6 Rd1 31. Bb3 Rxe1 32. Rxe1 Be7 33. Be3 b6 34. Rf1 Bf6 35. gxf7+ Kxf7 36. Rf4 Ke7 37. Rc4 Rd5 38. Rc7+ Rd7 39. Rc8 Rd8 40. Rc4 Rd3 41. Kf2 Rd5 42. Ra4 Rd7 43. Kf3 Rc7 44. Bf4 Rb7 45. Rc4 Nd7 46. Rc6 Nc5 47. Bc4 e5 48. Be3 Kd7 49. Bb5 Ke7 50. Bxc5+ bxc5 51. a4 Bg5 52. Ke4 Bc1 53. b3 Bb2 54. Kd3 e4+ 55. Kc2 Ba3 56. Bc4 Kd8 57. Rg6 e3 58. Rg2 Rd7 59. Re2 Rd2+ 60. Rxd2+ exd2 61. Kxd2 Bb2 62. Kc2 Ba1 63. a5 Kc7 64. Kd3 Kd6 65. Bf7 Bb2 66. Kc4 Ba1 67. Bg6 Bb2 68. Be4 Ba1 69. Bg2 Bb2 70. Bf3 Ba1 71. b4 cxb4 72. cxb4 Bf6 73. b5 Kc7 74. Kc5 Be7+ 75. Kc4 Bg5 76. Kd5 Bd2 77. a6 Kb6 78. Be2 Bc3 79. Bd3 Bb2 80. Be2 Bc3 81. Bd3 Bb2 82. Be2 1/2-1/2

[Event "BL 2425 SG Solingen - USV TU Dresden"]
[Site "?"]
[Date "2025.03.23"]
[Round "12.5"]
[White "Boensch, Uwe"]
[Black "Van Wely, Loek"]
[Result "0-1"]
[WhiteElo "2470"]
[BlackElo "2601"]
[PlyCount "68"]
[EventDate "2025.??.??"]

1. d4 Nf6 2. c4 e6 3. Nf3 d5 4. g3 Bb4+ 5. Bd2 Be7 6. Bg2 O-O 7. O-O c6 8. Qc2 Nbd7 9. Rd1 b6 10. b3 Bb7 11. Bc3 Ne4 12. Bb2 f5 13. Nc3 Rc8 14. Ne1 Bf6 15. Nxe4 fxe4 16. f3 c5 17. fxe4 cxd4 18. exd5 Bxd5 19. Bxd5 exd5 20. Bxd4 b5 21. Nf3 bxc4 22. Rab1 Bxd4+ 23. Rxd4 Nb6 24. bxc4 Rxc4 25. Qd3 Qf6 26. Rd1 Kh8 27. Qe3 h6 28. Ne5 Rxd4 29. Qxd4 Re8 30. Nf3 Rxe2 31. Qxf6 gxf6 32. Ra1 Nc4 33. a4 Ne5 34. Ra3 a5 0-1

[Event "BL 2425 SG Solingen - USV TU Dresden"]
[Site "?"]
[Date "2025.03.23"]
[Round "12.6"]
[White "Smeets, Jan"]
[Black "Tischbierek, Raj"]
[Result "1-0"]
[WhiteElo "2559"]
[BlackElo "2427"]
[PlyCount "43"]
[EventDate "2025.??.??"]

1. e4 c5 2. Nf3 d6 3. Bb5+ Bd7 4. Bxd7+ Nxd7 5. O-O Ngf6 6. Qe2 e6 7. b3 Be7 8. Bb2 O-O 9. c4 Re8 10. Nc3 Ne5 11. Nxe5 dxe5 12. f4 Nd7 13. f5 Nb8 14. Qg4 Bf6 15. d3 Nc6 16. Rf3 g6 17. Raf1 h5 18. Qh3 Bg5 19. fxg6 fxg6 20. Qg3 Kh7 21. Rf7+ Kh6 22. h4 1-0

[Event "BL 2425 SG Solingen - USV TU Dresden"]
[Site "?"]
[Date "2025.03.23"]
[Round "12.7"]
[White "Loxine, Jakov"]
[Black "Naumann, Alexander"]
[Result "1/2-1/2"]
[WhiteElo "2386"]
[BlackElo "2472"]
[PlyCount "50"]
[EventDate "2025.??.??"]

1. Nf3 d5 2. g3 g6 3. Bg2 Bg7 4. d4 Nf6 5. O-O O-O 6. c3 Nc6 7. Nbd2 Re8 8. b4 a6 9. Bb2 Bf5 10. Nh4 Be6 11. h3 Ne4 12. Kh2 f5 13. f4 Na7 14. e3 Nb5 15. Bxe4 fxe4 16. f5 Bxf5 17. Nxf5 gxf5 18. c4 dxc4 19. Nxc4 e6 20. g4 Nd6 21. Ne5 Qg5 22. Rf4 h5 23. gxf5 Nxf5 24. Qg1 Qxg1+ 25. Rxg1 Kh7 1/2-1/2

[Event "BL 2425 SG Solingen - USV TU Dresden"]
[Site "?"]
[Date "2025.03.23"]
[Round "12.8"]
[White "Wegerle, Joerg"]
[Black "Wong, Gengchun"]
[Result "1-0"]
[WhiteElo "2412"]
[BlackElo "2255"]
[PlyCount "103"]
[EventDate "2025.??.??"]

1. Nf3 Nf6 2. d4 d5 3. e3 e6 4. Bd3 c5 5. O-O Nc6 6. b3 Bd6 7. Bb2 cxd4 8. exd4 O-O 9. Re1 b6 10. Nbd2 Bb7 11. a3 Rc8 12. Ne5 Ne7 13. Qf3 Rc7 14. Re2 Qc8 15. Rae1 Ba6 16. c4 Rd8 17. Ng4 Nxg4 18. Qxg4 Ng6 19. g3 Be7 20. h4 Nf8 21. Qf4 Bf6 22. Re3 Rcd7 23. Rf3 Ng6 24. Bxg6 hxg6 25. g4 Qc7 26. g5 Qxf4 27. Rxf4 Be7 28. Rc1 dxc4 29. Nxc4 Rc7 30. Ne5 Rxc1+ 31. Bxc1 Rc8 32. Be3 Bd6 33. Rxf7 Bxe5 34. Rxa7 Bxd4 35. Bxd4 Bd3 36. Rxg7+ Kf8 37. Rb7 b5 38. Kh2 Rc1 39. Kg3 Rb1 40. b4 Re1 41. Bc5+ Kg8 42. f3 e5 43. Ra7 e4 44. Re7 Re2 45. f4 Ra2 46. f5 gxf5 47. h5 Rxa3 48. h6 Bc4+ 49. Kf4 Rf3+ 50. Ke5 e3 51. h7+ Kh8 52. Bd4 1-0

[Event "BL 2425 Düsseldorfer SK - SF Bad Mergen"]
[Site "?"]
[Date "2025.03.23"]
[Round "12.1"]
[White "Kazakouski, Valery"]
[Black "Erigaisi Arjun"]
[Result "0-1"]
[WhiteElo "2551"]
[BlackElo "2777"]
[PlyCount "114"]
[EventDate "2025.??.??"]

1. e4 c5 2. Nf3 d6 3. Bb5+ Nd7 4. a4 Ngf6 5. Nc3 a6 6. Be2 b6 7. d4 cxd4 8. Qxd4 Bb7 9. O-O e5 10. Qe3 Be7 11. Nd2 Nc5 12. Rd1 Rc8 13. Nc4 Nfxe4 14. Nxe4 Bxe4 15. b4 Bxc2 16. bxc5 Bxd1 17. Bxd1 Rxc5 18. Nb2 O-O 19. Nd3 Rc8 20. Bb3 Rc3 21. Rb1 d5 22. Bd2 Bg5 23. Qxg5 Qxg5 24. Bxg5 Rxd3 25. Bc2 Rc3 26. Bd1 Rfc8 27. Kf1 f6 28. Bd2 R3c6 29. Bf3 Rd8 30. Be2 a5 31. f3 Kf7 32. Rb2 f5 33. Bb5 Rc5 34. Ke2 Ke6 35. Bd3 Rd6 36. Bc2 e4 37. Bf4 Rdc6 38. Bb3 b5 39. Be3 b4 40. Rd2 Rc4 41. f4 g6 42. g3 Kd6 43. Kf2 Rc3 44. Bxd5 Rd3 45. Bxc6 Rxd2+ 46. Bxd2 Kxc6 47. Ke2 Kd5 48. Kd1 Kd4 49. Kc2 e3 50. Bc1 h5 51. Bb2+ Kc4 52. Be5 e2 53. Kd2 Kb3 54. Bf6 Kxa4 55. Kxe2 Ka3 56. Kd2 Ka2 57. Kc1 a4 0-1

[Event "BL 2425 Düsseldorfer SK - SF Bad Mergen"]
[Site "?"]
[Date "2025.03.23"]
[Round "12.2"]
[White "Nepomniachtchi, Ian"]
[Black "Pultinevicius, Paulius"]
[Result "1-0"]
[WhiteElo "2753"]
[BlackElo "2563"]
[PlyCount "109"]
[EventDate "2025.??.??"]

1. e4 c5 2. Nf3 e6 3. d4 cxd4 4. Nxd4 Nc6 5. Nc3 Qc7 6. Qd3 Nxd4 7. Qxd4 a6 8. Be3 b5 9. O-O-O Bb7 10. Bd3 Rc8 11. Kb1 Qc5 12. a4 b4 13. Na2 Nf6 14. f3 d5 15. Qxc5 Bxc5 16. Bxc5 Rxc5 17. Nxb4 a5 18. Na6 Rc8 19. exd5 Bxd5 20. Bb5+ Ke7 21. b4 axb4 22. Nxb4 Rc5 23. Na6 Rc3 24. Rd3 Rxd3 25. cxd3 g5 26. Rc1 Kd6 27. Nb4 Ba8 28. Kb2 Nh5 29. Ka3 Nf4 30. Rc2 h5 31. a5 Rb8 32. Ka4 e5 33. Na6 Rd8 34. Nc7 g4 35. Nxa8 Rxa8 36. Rc6+ Kd5 37. Rf6 gxf3 38. gxf3 Kc5 39. Rxf7 Nd5 40. d4+ exd4 41. Rf5 Kd6 42. a6 Rc8 43. Bd3 Rc1 44. Be4 Nc7 45. Kb3 Ra1 46. Bd3 Ke7 47. Re5+ Kf8 48. Rc5 Ne6 49. Rc2 Ke7 50. Ra2 Rc1 51. Kb2 Rc8 52. a7 Nc7 53. Be4 Na8 54. Ra4 Rd8 55. Kc2 1-0

[Event "BL 2425 Düsseldorfer SK - SF Bad Mergen"]
[Site "?"]
[Date "2025.03.23"]
[Round "12.3"]
[White "Laurusas, Tomas"]
[Black "Giri, Anish"]
[Result "1/2-1/2"]
[WhiteElo "2579"]
[BlackElo "2737"]
[PlyCount "58"]
[EventDate "2025.??.??"]

1. d4 Nf6 2. c4 e6 3. Nf3 c5 4. d5 b5 5. dxe6 fxe6 6. cxb5 a6 7. e3 d5 8. Be2 Bd6 9. O-O O-O 10. b3 axb5 11. Bxb5 Bb7 12. Bb2 Qe7 13. Nbd2 Na6 14. Qe2 Nc7 15. Bd3 e5 16. e4 Ne6 17. g3 c4 18. bxc4 d4 19. Nb3 Nd7 20. a4 Bc6 21. a5 Rab8 22. Nfd2 Bb4 23. Ra2 Ndc5 24. Nxc5 Nxc5 25. Ba3 Bxa3 26. Rxa3 Nxe4 27. Bxe4 Bxe4 28. Ra2 Ba8 29. Re1 Qf7 1/2-1/2

[Event "BL 2425 Düsseldorfer SK - SF Bad Mergen"]
[Site "?"]
[Date "2025.03.23"]
[Round "12.4"]
[White "Sindarov, Javokhir"]
[Black "Rakotomaharo, Fy Antenaina"]
[Result "1-0"]
[WhiteElo "2707"]
[BlackElo "2438"]
[PlyCount "61"]
[EventDate "2025.??.??"]

1. c4 Nf6 2. Nf3 g6 3. Nc3 Bg7 4. e4 d6 5. d4 O-O 6. Be2 Nbd7 7. O-O e5 8. dxe5 dxe5 9. Be3 b6 10. Qc2 Bb7 11. Rfd1 Qc8 12. b4 c5 13. b5 Ng4 14. Bc1 f5 15. Ng5 Ndf6 16. f3 Nh6 17. Nd5 Re8 18. a4 Nf7 19. Nxf7 Kxf7 20. a5 Bxd5 21. cxd5 Bf8 22. Be3 Bd6 23. axb6 f4 24. b7 Qxb7 25. Ra6 fxe3 26. Rxd6 Rac8 27. Rc6 Rxc6 28. bxc6 Qb6 29. Rb1 Qa5 30. d6 Rc8 31. Qb3+ 1-0

[Event "BL 2425 Düsseldorfer SK - SF Bad Mergen"]
[Site "?"]
[Date "2025.03.23"]
[Round "12.5"]
[White "Ikonnikov, Vyacheslav"]
[Black "Esipenko, Andrey"]
[Result "0-1"]
[WhiteElo "2440"]
[BlackElo "2691"]
[PlyCount "64"]
[EventDate "2025.??.??"]

1. d4 Nf6 2. Nf3 e6 3. c4 d5 4. Nc3 dxc4 5. e3 a6 6. a4 b6 7. Bxc4 Bb7 8. Qe2 Bb4 9. O-O O-O 10. Rd1 Nbd7 11. Ne5 Nxe5 12. dxe5 Nd7 13. Na2 Be7 14. b3 c6 15. Bb2 Qc7 16. f4 b5 17. Bd3 Nc5 18. Bc2 a5 19. Bd4 h6 20. Rac1 b4 21. Bxc5 Bxc5 22. Bh7+ Kxh7 23. Rxc5 Rfd8 24. Nc1 Qb6 25. Qc2+ Kg8 26. Rxd8+ Rxd8 27. Kf2 Rd7 28. Ne2 Qd8 29. Nd4 Qh4+ 30. Kf1 Rxd4 31. exd4 Ba6+ 32. Rc4 Qxf4+ 0-1

[Event "BL 2425 Düsseldorfer SK - SF Bad Mergen"]
[Site "?"]
[Date "2025.03.23"]
[Round "12.6"]
[White "Sadhwani, Raunak"]
[Black "Neuman, Petr"]
[Result "1-0"]
[WhiteElo "2664"]
[BlackElo "2421"]
[PlyCount "73"]
[EventDate "2025.??.??"]

1. e4 c5 2. Nf3 Nc6 3. Bb5 g6 4. Bxc6 dxc6 5. d3 Bg7 6. h3 Nf6 7. Nc3 Nd7 8. Be3 e5 9. Qd2 h6 10. O-O b6 11. Nh2 Nf8 12. f4 exf4 13. Bxf4 Ne6 14. Be3 Nd4 15. Rae1 Be6 16. e5 Nf5 17. Bf2 Qc7 18. Nf3 O-O-O 19. Ne4 Bd5 20. g4 Bxe4 21. Rxe4 Ne7 22. Qe1 Nd5 23. Bg3 Qe7 24. Nd2 Rhf8 25. Nc4 Kb7 26. Nd6+ Ka8 27. Bh4 g5 28. Nf5 Qe6 29. Nxg7 Qg6 30. Nf5 gxh4 31. Qxh4 h5 32. g5 Rg8 33. Kh2 c4 34. dxc4 Nb4 35. Re2 Qxg5 36. Qxg5 Rxg5 37. Nd6 1-0

[Event "BL 2425 Düsseldorfer SK - SF Bad Mergen"]
[Site "?"]
[Date "2025.03.23"]
[Round "12.7"]
[White "Gatineau, Yovann"]
[Black "Gustafsson, Jan"]
[Result "1/2-1/2"]
[WhiteElo "2368"]
[BlackElo "2602"]
[PlyCount "63"]
[EventDate "2025.??.??"]

1. d4 d5 2. c4 e6 3. Nf3 Nf6 4. Nc3 Nbd7 5. cxd5 exd5 6. Bf4 Nb6 7. e3 Bf5 8. Bd3 Bxd3 9. Qxd3 c6 10. O-O Be7 11. h3 O-O 12. Rac1 Re8 13. Rc2 Bd6 14. Ne5 Qe7 15. Rb1 Rad8 16. b3 Ne4 17. Qd1 Nxc3 18. Rxc3 Nc8 19. b4 Nb6 20. Nd3 Nc4 21. a4 a6 22. Qc1 Bxf4 23. Nxf4 b5 24. Nd3 Rd6 25. Ra1 Qg5 26. Rc2 h5 27. Qd1 Qf5 28. Rca2 h4 29. axb5 axb5 30. Ra8 Rdd8 31. Rxd8 Rxd8 32. Ra6 1/2-1/2

[Event "BL 2425 Düsseldorfer SK - SF Bad Mergen"]
[Site "?"]
[Date "2025.03.23"]
[Round "12.8"]
[White "Bologan, Victor"]
[Black "Gasthofer, Alexander"]
[Result "1/2-1/2"]
[WhiteElo "2607"]
[BlackElo "2391"]
[PlyCount "50"]
[EventDate "2025.??.??"]

1. e4 e6 2. d4 d5 3. Nc3 dxe4 4. Nxe4 Nd7 5. Bd3 Ngf6 6. Nf3 c5 7. O-O cxd4 8. Nxd4 Nxe4 9. Bxe4 Nf6 10. Bf3 Be7 11. Nc6 bxc6 12. Bxc6+ Bd7 13. Bxa8 Qxa8 14. Qd4 O-O 15. Be3 a6 16. c4 Bc6 17. f3 Rb8 18. b3 Rb7 19. Rad1 Qc8 20. Kh1 Nd7 21. Bf4 Bc5 22. Qc3 Bb4 23. Qd4 Bc5 24. Qc3 Bb4 25. Qd4 Bc5 1/2-1/2

[Event "BL 2425 SV Deggendorf - Hamburger SK"]
[Site "?"]
[Date "2025.03.23"]
[Round "12.1"]
[White "Kempinski, Robert"]
[Black "Petrov, Martin"]
[Result "1/2-1/2"]
[WhiteElo "2544"]
[BlackElo "2538"]
[PlyCount "42"]
[EventDate "2025.??.??"]

1. d4 Nf6 2. c4 e6 3. Nf3 b6 4. a3 Ba6 5. Qc2 Bb7 6. Nc3 c5 7. e4 cxd4 8. Nxd4 Bc5 9. Nb3 Nc6 10. Bf4 e5 11. Bg5 h6 12. Bh4 O-O 13. Bd3 Rc8 14. O-O g5 15. Bg3 Nh5 16. Rad1 Qf6 17. Be2 Nxg3 18. hxg3 Qe6 19. Rd2 a6 20. Qd1 Nd4 21. Nd5 Nxb3 1/2-1/2

[Event "BL 2425 SV Deggendorf - Hamburger SK"]
[Site "?"]
[Date "2025.03.23"]
[Round "12.2"]
[White "Bogosavljevic, Boban"]
[Black "Papp, Gabor"]
[Result "1/2-1/2"]
[WhiteElo "2483"]
[BlackElo "2499"]
[PlyCount "117"]
[EventDate "2025.??.??"]

1. Nf3 Nf6 2. g3 b6 3. Bg2 Bb7 4. O-O e6 5. c4 Be7 6. b3 O-O 7. Bb2 c5 8. Nc3 d6 9. e3 Nbd7 10. d4 Ne4 11. Qe2 Bf6 12. Rfd1 Qe7 13. Rac1 Rad8 14. Na4 d5 15. Nd2 Nxd2 16. Qxd2 cxd4 17. cxd5 Bxd5 18. Bxd5 dxe3 19. Qxe3 Bg5 20. Qc3 Bf6 21. Qe1 exd5 22. Qxe7 Bxe7 23. Rc7 b5 24. Nc3 Bf6 25. Nxd5 Bxb2 26. Ne7+ Kh8 27. Nc6 Rc8 28. Rdxd7 Rxc7 29. Rxc7 a6 30. Ra7 g6 31. Rxa6 Kg7 32. Rb6 Rc8 33. Kf1 Ba3 34. b4 Bb2 35. Ke2 Re8+ 36. Kd3 Re6 37. Ra6 Rd6+ 38. Ke4 h5 39. h3 Bc3 40. g4 Be1 41. f4 h4 42. f5 gxf5+ 43. gxf5 Rd2 44. Nd4 Bg3 45. Nxb5 Rh2 46. Nd4 Rxh3 47. f6+ Kg6 48. Nf5 Be1 49. b5 Rh2 50. Ra3 Kxf6 51. b6 Rb2 52. Ne3 Ke6 53. Rb3 Rxb3 54. axb3 Kd6 55. Kf3 Kc6 56. Kg4 Kxb6 57. Ng2 Bg3 58. Nxh4 Bxh4 59. Kxh4 1/2-1/2

[Event "BL 2425 SV Deggendorf - Hamburger SK"]
[Site "?"]
[Date "2025.03.23"]
[Round "12.3"]
[White "Lampert, Jonas"]
[Black "Delchev, Aleksander"]
[Result "1/2-1/2"]
[WhiteElo "2534"]
[BlackElo "2462"]
[PlyCount "41"]
[EventDate "2025.??.??"]

1. d4 d5 2. c4 c6 3. cxd5 cxd5 4. Bf4 Nf6 5. e3 Nc6 6. Bb5 Bd7 7. Nc3 a6 8. Bd3 Bg4 9. Nge2 e6 10. O-O Bd6 11. f3 Bh5 12. Rc1 O-O 13. Na4 Bg6 14. Nc5 Bxd3 15. Qxd3 Bxf4 16. Nxf4 Qe7 17. Rc3 Rad8 18. Qd2 e5 19. dxe5 Nxe5 20. b3 Rfe8 21. Rd1 1/2-1/2

[Event "BL 2425 SV Deggendorf - Hamburger SK"]
[Site "?"]
[Date "2025.03.23"]
[Round "12.4"]
[White "Popovic, Dusan"]
[Black "Costa, Leonardo"]
[Result "0-1"]
[WhiteElo "2485"]
[BlackElo "2500"]
[PlyCount "74"]
[EventDate "2025.??.??"]

1. Nf3 Nf6 2. g3 d5 3. Bg2 e6 4. O-O Be7 5. d3 O-O 6. a4 c5 7. Bf4 Nc6 8. e4 b6 9. Na3 Bb7 10. Qe2 a6 11. c3 Re8 12. e5 Nd7 13. h4 h6 14. Nc2 b5 15. h5 Bf8 16. Rfe1 Nb6 17. axb5 axb5 18. d4 b4 19. cxb4 cxb4 20. Ne3 Nd7 21. g4 Qb6 22. Qd2 b3 23. Rxa8 Rxa8 24. Rd1 Bb4 25. Qd3 Ba6 26. Qxb3 Be2 27. Rc1 Nxd4 28. Nxd4 Qxd4 29. Bg3 Nc5 30. Qc2 Bxg4 31. Nxg4 Qxg4 32. Rd1 Ne4 33. Bxe4 dxe4 34. Rc1 e3 35. Kg2 Rd8 36. Qc7 Rd2 37. Qc8+ Kh7 0-1

[Event "BL 2425 SV Deggendorf - Hamburger SK"]
[Site "?"]
[Date "2025.03.23"]
[Round "12.5"]
[White "Lubbe, Nikolas"]
[Black "Sedlak, Nikola"]
[Result "0-1"]
[WhiteElo "2482"]
[BlackElo "2449"]
[PlyCount "42"]
[EventDate "2025.??.??"]

1. d4 d5 2. Nf3 e6 3. c4 h6 4. e3 Nf6 5. a3 Nbd7 6. Nc3 c6 7. c5 g6 8. b4 Bg7 9. Be2 O-O 10. O-O Qe7 11. Bb2 e5 12. b5 e4 13. Nd2 h5 14. bxc6 bxc6 15. Qa4 Nb8 16. Rfb1 Ng4 17. h3 Nh6 18. Bc1 Qg5 19. Kf1 Nf5 20. Ke1 Qxg2 21. Bf1 Qh2 0-1